<?xml version="1.0" encoding="UTF-8"?>
<collection xmlns="http://www.loc.gov/MARC21/slim">
 <record>
  <leader>00641nam a22001571  4500</leader>
  <controlfield tag="001">1/24137</controlfield>
  <controlfield tag="008">990316s2001    lu           n001 0 eng d</controlfield>
  <datafield tag="035" ind1=" " ind2=" ">
   <subfield code="l">25870</subfield>
  </datafield>
  <datafield tag="040" ind1=" " ind2=" ">
   <subfield code="a">GR-PeUP</subfield>
  </datafield>
  <datafield tag="082" ind1="0" ind2="0">
   <subfield code="a">KET 361.6'1 SOC</subfield>
  </datafield>
  <datafield tag="245" ind1="0" ind2="0">
   <subfield code="a">Social protection in the EU member states and the European Economic Area :</subfield>
   <subfield code="b">situation on July 1January 2001</subfield>
  </datafield>
  <datafield tag="260" ind1=" " ind2=" ">
   <subfield code="a">Luxembourg;</subfield>
   <subfield code="b">Office for Official Publications of the European Communities,</subfield>
   <subfield code="c">2001</subfield>
  </datafield>
  <datafield tag="300" ind1=" " ind2=" ">
   <subfield code="a">648 σ.;</subfield>
   <subfield code="c">21 x 30 εκ.</subfield>
  </datafield>
  <datafield tag="650" ind1=" " ind2="4">
   <subfield code="a">Social security</subfield>
   <subfield code="z">European Economic Community countries.</subfield>
  </datafield>
  <datafield tag="710" ind1="2" ind2=" ">
   <subfield code="a">European Commission.</subfield>
  </datafield>
  <datafield tag="852" ind1=" " ind2=" ">
   <subfield code="a">INST</subfield>
   <subfield code="b">UNIPILB</subfield>
   <subfield code="c">KET</subfield>
   <subfield code="e">20041215</subfield>
   <subfield code="h">KET 361.6'1 SOC</subfield>
   <subfield code="p">00144136</subfield>
   <subfield code="q">00144136</subfield>
   <subfield code="t">LOAN</subfield>
   <subfield code="y">0</subfield>
   <subfield code="4">1</subfield>
  </datafield>
 </record>
</collection>
